000 00675nam a2200229 a 4500
001 BRL_189
005 20190320210628.0
008 910624s1986 mx-#######---#000-0#spa-c
041 _aspa
044 _amx
050 4 _aF1291
_b.G84 1986
100 1 _aGuerrero Guerrero, Raúl
_923177
245 1 0 _aApuntes para la historia del Estado de Hidalgo
_cRaúl Guerrero Guerrero.
260 _aPachuca, Hidalgo
_bEditorial Libros de México
_c1986
300 _a213 p.
_c21 cm.
500 _aIncluye dedicatoria para Ruth Lechuga
500 _aAu235
504 _aBibliografía: p. 191-194
651 4 _aHidalgo (México)
_xHistoria
_923178
902 _aGRL
942 _2lcc
_cB
999 _c9002
_d9002